|
|
|
|
| LEADER |
01222nam a2200313 4500 |
| 001 |
27885 |
| 003 |
BD-DhAAL |
| 005 |
20150208125720.0 |
| 008 |
140224r20031972enka b 001 0 eng |
| 010 |
|
|
|a 72080250
|
| 020 |
|
|
|a 9781107641341
|
| 020 |
|
|
|a 0521083826
|
| 040 |
|
|
|a DLC
|c DLC
|d OCoLC
|d DLC
|d BD-DhAAL
|
| 050 |
0 |
0 |
|a QC176
|b .Z53 1972
|
| 082 |
0 |
0 |
|a 530.4/1
|
| 999 |
|
|
|c 14175
|d 14175
|
| 999 |
|
|
|c 14175
|
| 999 |
|
|
|c 14175
|
| 100 |
1 |
|
|a Ziman, J. M.
|q (John M.),
|d 1925-2005.
|9 3866
|
| 245 |
1 |
0 |
|a Principles of the theory of solids,
|c by J. M. Ziman.
|
| 250 |
|
|
|a 2d ed.
|
| 260 |
|
|
|a Cambridge [Eng.] ;
|a New Delhi :
|b University Press,
|c 1972. [Reprinted 2013]
|
| 300 |
|
|
|a xiii, 435 p.
|b illus.
|c 24 cm.
|
| 504 |
|
|
|a Includes bibliography (p. 415-423.) and index.
|
| 541 |
|
|
|e 27885, 27886
|
| 650 |
|
0 |
|a Solid state physics.
|9 3867
|
| 942 |
|
|
|2 ddc
|c BK
|
| 952 |
|
|
|0 0
|1 0
|2 ddc
|4 0
|6 530_410000000000000_ZIM
|7 0
|9 23914
|a BRACUL
|b BRACUL
|c GEN
|d 2014-02-24
|e Paragon Enterprise
|g 748.00
|l 0
|o 530.41 ZIM
|p 3010027885
|r 2014-02-24
|t 1
|w 2014-02-24
|y BK
|
| 952 |
|
|
|0 0
|1 0
|2 ddc
|4 0
|6 530_410000000000000_ZIM
|7 0
|9 23915
|a BRACUL
|b BRACUL
|c GEN
|d 2014-02-24
|e Paragon Enterprise
|g 748.00
|l 0
|o 530.41 ZIM
|p 3010027886
|r 2014-02-24
|t 2
|w 2014-02-24
|y BK
|